• 首页
  • 本馆介绍
  • 公告通知
  • 最新文献
  • 馆藏检索
  • 电子资源
  • 读者导购
  • 参考咨询
  • 我的图书馆
  • 登录
  • 详细信息显示
  • 放入我的书架
  • 预约/预借图书
  • 作者相关作品
  • 分类相关作品
  • 丛书相关作品
  • 出版社相关作品

书目信息

  • 表格格式
  • 工作单格式
  • 卡片格式
题名:
MATLAB数字图像处理
    
 
作者: 刘刚 主编
分册:  
出版信息: 北京   机械工业出版社  2010
页数: 321页
开本: 26cm
丛书名: MATLAB工程与应用丛书
单 册:
中图分类: TN911.73
科图分类:
主题词: 算法语言--应用--数字图象处理 , 算法语言 , 数字图象处理
电子资源:
ISBN: 978-7-111-30746-4
000 00983oam2 2200301 450
001 004746709
005 20110225082300.31
010    @a978-7-111-30746-4@dCNY39.00
035    @a004746709
100    @a20100806d2010 em y0chiy0110 ea
101 0  @achi
102    @aCN@b110000
105    @ay z 000yy
106    @ar
200 1  @aMATLAB数字图像处理@9MATLAB shu zi tu xiang chu li@f刘刚主编
210    @a北京@c机械工业出版社@d2010
215    @a321页@d26cm
225 2  @aMATLAB工程与应用丛书
330    @a本书介绍了数字图像处理技术及利用MATLAB对数字图像进行处理的程序设计方法和技巧。主要包括图形绘制基础、图像变换、图像增强、彩色图像处理、图像复原、图像分割等内容。
461  0 @12001 @aMATLAB工程与应用丛书
606 0  @a算法语言@x应用@x数字图象处理
606 0  @a算法语言
606 0  @a数字图象处理
610 0  @aMATLAB
690    @aTN911.73@v4
701  0 @a刘刚@9liu gang@4主编
801  0 @aCN@bNLC@c20110225
905    @b205992979-3004@h599297-300@dTN911.73@e130@f4
    
    MATLAB数字图像处理/刘刚主编.-北京:机械工业出版社,2010
    321页;26cm.-(MATLAB工程与应用丛书)
    
    
    ISBN 978-7-111-30746-4:CNY39.00
    本书介绍了数字图像处理技术及利用MATLAB对数字图像进行处理的程序设计方法和技巧。主要包括图形绘制基础、图像变换、图像增强、彩色图像处理、图像复原、图像分割等内容。
●
相关链接 在E读中查询图书 在五车中查询图书 在当当中查询图书 在豆瓣中查询图书


正题名:MATLAB数字图像处理     索取号:TN911.73/130         预约/预借

序号 登录号 条形码 馆藏地/架位号 状态 备注
1 599297   205992979   第二样本阅览室/ [索取号:TN911.73/130] 在馆    
2 599298   205992988   第三借阅区/ [索取号:TN911.73/130] 已借出,限还日期为2016.12.19
借出人:徐磊  
 
3 599299   205992997   计算机科学系资料室/ [索取号:TN911.73/130] 在馆    
4 599300   205993004   第三借阅区/ [索取号:TN911.73/130] 在馆    
唐山师范学院图书馆 欢迎您!
大连网信软件有限公司© 版权所有